000 00574nam a22001817a 4500
003 OSt
005 20260126044243.0
008 260109b |||||||| |||| 00| 0 eng d
020 _a971-086-150-5.
040 _aDWC-Main lib.
_cOC
082 _aFil. 336.2 H224t 2001
100 _aHarina, Ricardo M.
245 _aTaxation :
_bcomprehensive daily reviewer and self-test for CPA reviewees/
_cRicardo M. Harina
260 _aPhilippines :
_bNational Book Store,
_cc2001.
300 _axiii, 188 p. ;
_c25 cm.
650 _a1. Taxation.
942 _2ddc
_cBK - FIL
_hFil.
_n0
999 _c7230
_d7230